A Study of Coefficient Bounds of MA-Minda Starlike and Convex Functions (Record no. 69084)

MARC details
000 -LEADER
fixed length control field 00367nam a22001217a 4500
100 ## - MAIN ENTRY--AUTHOR NAME
Personal name Syed Zain ul Abdin Shah
245 ## - TITLE STATEMENT
Title A Study of Coefficient Bounds of MA-Minda Starlike and Convex Functions
260 ## - PUBLICATION, DISTRIBUTION, ETC. (IMPRINT)
Place of publication Nawabshah
Name of publisher QUEST
Year of publication 2025
300 ## - PHYSICAL DESCRIPTION
Number of Pages 109p.
700 ## - ADDED ENTRY--PERSONAL NAME
Personal name Department of Mathematics and Statistics
942 ## - ADDED ENTRY ELEMENTS (KOHA)
Koha item type Thesis and Dissertation
Holdings
Withdrawn status Lost status Home library Current library Date acquired Accession Number Koha item type
    Research Section Research Section 29/06/2026 MP/102-1509 Thesis and Dissertation
    Research Section Research Section 29/06/2026 MP/102-1510 Thesis and Dissertation